Delorean, the rise and fall of a dream-maker /

Bibliographic Details
Main Author: Fallon, Ivan
Other Authors: Srodes, James
Format: Book
Language:English
Published: London : Hamish Hamilton, 1983.
Subjects:

MARC

Tag First Indicator Second Indicator Subfields
LEADER 00000cam a2200000 a 4500
001 in00000552425
005 20151014052615.0
008 840711s1983 enkfa 00010beng
010 |a  84146206  
020 |a 0241110874 :  |c 8.95 
035 |a (OCoLC)11029471 
035 |9 ACJ9589AM 
039 0 |a 2  |b 3  |c 3  |d 3  |e 3 
040 |a DLC  |c DLC  |d TXA  |d UtOrBLW 
043 |a n-us---  |a e-uk-ni 
049 |a TXAM  |c [A08329714] 
050 0 0 |a HD9710.U52  |b D354 1983 
082 0 |a 338.7/6292222/0924  |a B  |2 19 
100 1 |a Fallon, Ivan. 
240 1 0 |a Dream maker 
245 1 0 |a Delorean, the rise and fall of a dream-maker /  |c by Ivan Fallon and James Srodes. 
264 1 |a London :  |b Hamish Hamilton,  |c 1983. 
300 |a 417 pages, 16 unnumbered pages of plates :  |b illustrations ;  |c 23 cm. 
336 |a text  |b txt  |2 rdacontent 
337 |a unmediated  |b n  |2 rdamedia 
338 |a volume  |b nc  |2 rdacarrier 
500 |a American edition published under title: Dream maker. 
600 1 0 |a De Lorean, John Z. 
610 2 0 |a De Lorean Motor Company  |x History. 
650 0 |a Automobile industry and trade  |z United States  |x Biography. 
650 0 |a Automobile industry and trade  |z Northern Ireland  |x Biography. 
700 1 |a Srodes, James. 
999 |a MARS 
999 f f |s 2cad69f2-df64-3aef-af32-49b7271029ac  |i 2361a811-a7b4-3391-ae63-d12f3b095c91  |t 0 
952 f f |p ric  |a Texas A&M University  |b Rellis Campus  |c Joint Library Facility  |d Remote Storage  |t 0  |e HD9710.U52 D354 1983  |h Library of Congress classification  |i unmediated -- volume  |m A14808329714 
998 f f |a HD9710.U52 D354 1983  |t 0  |l Remote Storage